| 000 | 00401nam a2200145 4500 | ||
|---|---|---|---|
| 008 | 191125s2017||||xo d | ||
| 100 | 1 |
_aGlovna Juraj _91447 |
|
| 245 | 1 | 0 | _aHistorický a sociolingvistický kontext kodifikácií slovanských jazykov |
| 250 | _a1.vydanie | ||
| 260 |
_bVeda _aBratislava _c2017 |
||
| 300 | _a183s. | ||
| 020 |
_a9788089489305 _c9,50 |
||
| 041 | 1 | _aslo | |
| 044 |
_axo _cSK |
||
| 999 |
_c22812 _d22812 |
||